000 00343 a2200157 4500
001 58268
020 _a
040 _cAnchieta - Pituba
100 _aFunk, Kátira Llieff
240 1 0 _aPoesia; Conto; Crônica
_lpor
245 1 0 _aPoesia; Conto; Crônica
300 _a147
362 0 _a1981
650 4 _aFicção brasileira
942 _cBK
999 _c58268
_d58268